000
00249nam a22001097a 4500
082
_a
808.3 MEL'M
100
_a
MELVITTE, HERMAN
_9
57836
245
_a
MOBY DICK OR THE WHALE
260
_a
NEWYORK
_b
RINEHART & CO
_c
1954
300
_a
566P
942
_c
BK
999
_c
568087
_d
568087